EINIGE STAPHYLINUS- UND OCYPUS-ARTEN AUS ANATOLIEN (COL., STAPHYLINIDAE)

Bibliographic Details
Main Author: Smetana, Aleš, 1931- (Author)
Format: Article
Language:German

MARC

LEADER 00000nab a2200000uu 4500
001 vtls011451858
003 SK-MaSNL
005 20260303153828.0
008 230222|1968 xo |||||||||||||||||ger|
015 |a SNBRB 
035 |a (urnnbn)urn:nbn:sk:snk:ar-0077k5 
035 |a (uuid)deab67f9-db2f-4364-b80e-cc828099a65c 
035 |a urn:nbn:sk:snk-abcnq1 
040 |a SNKBUCL  |b slo  |c SNKBUCL  |e AACR2 
041 0 |a ger 
044 |a xo  |c SK 
100 1 |a Smetana, Aleš,  |d 1931-  |4 aut  |9 37770 
245 1 0 |a EINIGE STAPHYLINUS- UND OCYPUS-ARTEN AUS ANATOLIEN (COL., STAPHYLINIDAE)  |c Aleš Smetana 
246 3 |a NĚKTERÉ DRUHY RODU STAPHYLINUS A OCYPUS Z ANATÓLIE (COL., STAPHYLINIDAE) 
773 0 |t Zborník Slovenského národného múzea  |g Roč. 62, č. 14-2 (1968), s. 87-90 
958 |a OND 
958 |a EUIPO 
958 |a article16 
999 |c 2030421  |d 2032351